000
00349pab a2200157 454500
008
180718b2012 xxu||||| |||| 00| 0 eng d
100
_a
Gatade, Subhash
245
_a
Once there was Hindutva terror?
260
_c
2012
300
_a
p.43-56.
362
_a
18 Aug
650
_a
Terrorism
773
_a
Mainstream
908
_a
N
909
_a
97131
999
_c
97131
_d
97131